MAASAI MARA UNIVERSITY

LIBRARY CATALOGUE

Contact Us: +254 020 2685356/7 or 0774 057787

Box: 861-20500, NAROK, KENYA

Email: info@mmarau.ac.ke

(Record no. 860)

MARC details
000 -LEADER
fixed length control field 00407nam a2200133Ia 4500
008 - FIXED-LENGTH DATA ELEMENTS--GENERAL INFORMATION
fixed length control field 151015s9999 xx 000 0 und d
020 ## - INTERNATIONAL STANDARD BOOK NUMBER
International Standard Book Number 9.7801361371e+012
050 ## - LIBRARY OF CONGRESS CALL NUMBER
Classification number Z52.5M52J637 2007
250 ## - EDITION STATEMENT
Edition statement _Brilliant Word 2007 what you need to know and how to do it
300 ## - PHYSICAL DESCRIPTION
Extent England Pearson education 2007
500 ## - GENERAL NOTE
General note include Index
650 ## - SUBJECT ADDED ENTRY--TOPICAL TERM
Topical term or geographic name as entry element _Microsoft Word
700 ## - ADDED ENTRY--PERSONAL NAME
Personal name ^d20110119 10:16:17^okilerai

No items available.

© 2016 Maasai Mara University.